LEADER 01945nam a2200313 i 4500 001 000000225810 003 CaOOAMICUS 005 20220124125445.0 008 131218s1610 it u000 u lat u 013 $a204712 026 $ap-on erem o-r- cuco (3) 1610 (R) 040 $aSeMil$bita 100 1 $aPetrus : Damiani,$c.$0(OLS)http://semarc/name/1200 245 10$aB. Petri Damiani monachi Ordinis S. Benedicti. ... Epistolarum libri octo. Multis ex bibliothecis collecti, et argumentis, notisque illustrati, atque nunc primum excusi. Opera, ac studio domni Constantini Caetani Syracusani .. 264 1$aParisiis :$bEx Officina Nivelliana : apud Sebastianum Cramoisy via Iacobaea, sub Ciconiis,$c1610. 300 $a[52], 739, [161] p. ;$c4º. 500 $aFront. stampato in rosso e nero. - Iniz., fregi xilogr. 500 $aMarca editoriale: Due cicogne si imbeccano in volo. [Utilizzata dal predecessore Sébastien Nivelle] (Repertorio consultato: Marques d'impressors, Un. di Barcellona). 500 $aSegn.: a-c4 D-F4 2F2 2A-5K4 a-k4 l2 700 1 $aGaetano, Costantino,$d<1560-1650>.$0(OLS)http://semarc/name/6143 700 1 $aCramoisy, Sébastien$b<1.,$cEditore,$d1585-1669>.$0(OLS)http://semarc/name/7608 710 0 $aOfficina Nivelliana .$0(OLS)http://semarc/name/7607 850 $aSeMil 852 $aSeMil$W1$xVenegono$y1$m2T V 1 FA$j176156$B176156$CSeMilBibl$Z2$F186689 $8I 900 1 $aPier : Damiani. 996 $6245$aB. Petri Damiani monachi Ordinis S. Benedicti. ... Epistolarum libri octo. Multis ex bibliothecis collecti, et argumentis, notisque illustrati, atque nunc primum excusi. Opera, ac studio domni Constantini Caetani Syracusani ..$9(OLS)http://semarc/title/323408 996 $6264$aParisiis :$bEx Officina Nivelliana : apud Sebastianum Cramoisy via Iacobaea, sub Ciconiis$9(OLS)http://semarc/publisher/53437 LEADER 00856nam a2200193 i 4500 001 000000051711 003 CaOOAMICUS 005 20130116000000.0 008 130116s1753 xx u000 u lat u 013 $a22883 026 $aure- ern- e-n- matu (3) 1753 (R) 040 $aSeMil$bita 245 10$aTomus 1. 300 $a[8], 487, [1] p. 500 $aFront. stampato in rosso e nero. - Segn. : pigreco4 A-2G8 2H4. 773 0 $aRoncaglia, Costantino <1677-1737>$tUniversa moralis theologia, qua non solum principia speculativa sed etiam regulae practicae. Ad usum confessariorum explicantur authore Constantino Roncaglia ... Tomus 1. [-2.].$dVenetiis : Typis Francisci Pitteri, 1753.$g1$w()27928 850 $aSeMil 852 $aSeMil$W1$xVenegono$y1$m2F VI 43 FA$j17866$B17866$CSeMilBibl$Z2$F17867 $8I 996 $6245$aTomus 1$9(OLS)http://semarc/title/47282